| 000 -NÁVESTIE |
| fixed length control field |
01071nam a2200349 a 4500 |
| 001 - EVIDENČNÉ ČÍSLO ZÁZNAMU - Kontrolné číslo |
| control field |
vtls011724962 |
| 005 - DÁTUM A ČAS POSLEDNEJ TRANSAKCIE |
| control field |
20220131100558.0 |
| 008 - ÚDAJE S PEVNOU DĹŽKOU – VŠEOBECNÉ INFORMÁCIE |
| fixed length control field |
200507s2017 xr g 000 f slo c |
| 020 ## - MEDZINÁRODNÉ ŠTANDARDNÉ ČÍSLO KNIHY (ISBN) |
| Medzinárodné štandardné číslo knihy (ISBN) |
9788075840226 |
| Qualifying information |
(viazané) |
| 035 ## - Iný štandardný identifikátor |
| Iný štandardný identifikátor |
urn:nbn:sk:snk-am00e095 |
| 035 ## - Iný štandardný identifikátor |
| Iný štandardný identifikátor |
urn:nbn:sk:snk-am3iabf |
| 035 ## - Iný štandardný identifikátor |
| Iný štandardný identifikátor |
CA66C4B1-C429-4A97-A200-D82656A8BE6B |
| 040 ## - ZDROJ KATALOGIZÁCIE |
| Pôvodná katalogizujúca agentúra |
PPPK |
| Jazyk katalogizácie |
slo |
| Prepisujúca agentúra |
PPPK |
| Modifikujúca agentúra |
SNK |
| Konvencie popisu |
rda |
| 041 0# - KÓD JAZYKA |
| Kód jazyka textu/zvukovej stopy alebo samostatných nápisov |
slo |
| 044 ## - KÓD KRAJINY VYDAVATEĽA/PRODUCENTA |
| Kód krajiny MARC |
xr |
| Kód krajiny ISO |
CZ |
| 072 #7 - KÓD PREDMETOVEJ KATEGÓRIE |
| Kód predmetovej kategórie |
821.162.4-3 |
| Pododdiel kódu predmetovej kategórie |
Slovenská próza |
| Zdroj |
konspekt |
| 080 ## - ČÍSLO MEDZINÁRODNÉHO DESATINNÉHO TRIEDENIA (MDT) |
| Číslo Medzinárodného desatinného triedenia (MDT) |
821.162.4-31 |
| Identifikátor vydania |
2001 |
| 100 1# - OSOBNÉ MENÁ – VŠEOBECNÉ INFORMÁCIE |
| Osobné meno |
Čerňanský, Roman, |
| Dátumy súvisiace s menom |
1982- |
| Kód roly |
aut |
| -- |
2624 |
| 245 10 - NÁZOV |
| Názov |
Zámena |
| Údaj o zodpovednosti atď. |
Roman Čerňanský |
| 250 ## - ÚDAJ O PORADÍ VYDANIA |
| Údaj o poradí vydania |
Prvé vydanie |
| 264 ## - VYDAVATEĽSKÉ ÚDAJE, DISTRIBÚCIA ATĎ. - RDA |
| Miesto publikovania, distribúcie atď. |
Praha |
| Názov vydavateľa, distibútora atď. |
Brána |
| Dátum publikovania, distribúcie atď. |
2017 |
| 300 ## - FYZICKÝ POPIS |
| Rozsah |
186 strán |
| Rozmery |
19 cm |
| 336 ## - TYP OBSAHU |
| Typ obsahu - termín |
text |
| Typ obsahu - kód |
txt |
| Zdroj |
rdacontent |
| 337 ## - TYP MÉDIA |
| Typ média - termín |
bez média |
| Typ média - kód |
n |
| Zdroj |
rdamedia |
| 338 ## - TYP NOSIČA |
| Typ nosiča - termín |
zväzok |
| Typ nosiča - kód |
nc |
| Zdroj |
rdacarrier |
| 500 ## - VŠEOBECNÁ POZNÁMKA |
| Formátovaná poznámka o obsahu |
Obsahuje biografické a profesijné údaje o autorovi na záložke prebalu |
| 655 #7 - INDEXAČNÝ TERMÍN – ŽÁNER/FORMA |
| Údaje o žánri/forme alebo termín, ktorý je prvok fazety |
slovenské romány |
| Zdroj termínu |
SNKPH |
| -- |
1694 |
| 655 #7 - INDEXAČNÝ TERMÍN – ŽÁNER/FORMA |
| Údaje o žánri/forme alebo termín, ktorý je prvok fazety |
Slovak fiction |
| Zdroj termínu |
SNKPH |
| -- |
1695 |
| 958 ## - Formálny deskriptor |
| Formálny deskriptor |
ZS |
| 958 ## - Formálny deskriptor |
| Formálny deskriptor |
LX |
| 958 ## - Formálny deskriptor |
| Formálny deskriptor |
CZ |